International institutions in trade and finance

Saved in:
Bibliographic Details
Main Author: MacBean, Alasdair I.
Other Authors: Snowden, P. N. (P. Nicholas)
Format: Book
Language:English
Published: London : Boston : Allen & Unwin, 1981
Series:Studies in economics ; 18
Subjects:
Tags: Add Tag
No Tags, Be the first to tag this record!

MARC

LEADER 00000nam a2200000 i 4500
001 1/49836
008 950908s1981 eng d
020 |a 0043820336 ((pbk.)) 
035 |l 10026901 
040 |a GR-MY-UA  |b gre  |e aacr 
041 0 |a eng 
082 0 |a 337/.06/01  |2 (19) 
100 1 |a MacBean, Alasdair I. 
245 1 0 |a International institutions in trade and finance /  |c A.I. MacBean and P.N. Snowden 
260 |a London :   |a Boston :   |b Allen & Unwin,   |c 1981 
300 |a xiv, 255 p.;  |c 23 cm 
490 1 |a Studies in economics  |v ; 18 
500 |a Includes index 
504 |a Bibliography: p. 249-252 
650 0 0 |a International economic relations. 
650 0 0 |a International agencies. 
650 0 0 |a Financial institutions, International. 
700 1 |a Snowden, P. N.  |q (P. Nicholas) 
852 |a INST  |b CHIOS  |e 19950908  |h 337.0601 MAC  |p 005200005787  |q 005200005787  |t BK  |y 0 
909 |a Χ  |b 000086